000 00468nam a2200181Ia 4500
008 151202s9999||||xx |||||||||||||| ||und||
082 _bPNVM-17631
100 _aN.G.S.
245 _aNATIONAL GEOGRAPHIC MAGAZINE. DEC 1958.
260 _bN.G.S. WASHINGTON.
260 _c0
300 _a0
600 _aN.G.S.
630 _aNATIONAL GEOGRAPHIC MAGAZINE. DEC 1958.
700 _aN.G.S.
730 _aNATIONAL GEOGRAPHIC MAGAZINE. DEC 1958.
942 _cBOOK
999 _c1283616
_d1283613